=LDR 00000nam 2200000 4500 =001 NUTBA000000000005275 =005 20141027112344.0 =006 =007 =008 =020 ##$$a 978-979-9282-63-7 =035 ##$$a 0010-101400000000505 =040 ##$$a NBPDMAT =082 ##$$a 028.5 =090 ##$$a 028.5 $b Kea k =245 ##$$a Keajaiban menara pisa / $c penulis tim CBM ; penerjemah Deni Hendra Setiawan S.pd =250 ##$$a Cet.1 =260 ##$$a Bandung : $b Karya Kita, $c 2007 =300 ##$$a 55 hlm. : $b ilus. ; $c 17 cm. =650 ##$$a Bacaan Kanak - Kanak - Menara Pisa =700 ##$$a Deni Hendra Setiawan =850 ##$$a NBPDMAT